000 00858cad a22002175a 4500
001 L157506
008 130107s2012 xxk f 000 0 eng d
035 _a(Sirsi) u157506
041 0 _aeng
110 2 _aRoyal Institution of Chartered Surveyors
_94900
245 0 0 _aAnnual Review 2011-2012
_badvancing standards and professionalism in land, property and construction
_h[electronic resource]
260 _aLondon
_bRICS
_c2012
490 0 _aRICS Annual Report
520 _aSets out RICS's strategic global agenda and provides a snapshot of recent achievements.
590 _aKA
650 2 4 _aRICS ANNUAL REVIEW AND FINANCIAL STATEMENTS
651 4 _aInternational
690 _aBusiness and management
856 4 0 _uhttps://www.rics.org/Global/RICS_Annual_Review_2012.pdf
_zView the item free of charge from the www.rics.org website.
942 _n0
999 _c114807
_d114807